Catálogo Biblioteca Central

Critical discourse analysis in political studies (Registro nro. 183009)

Detalles MARC
000 -CABECERA
campo de control de longitud fija 00622naa a2200193 4500
001 - NÚMERO DE CONTROL
campo de control 183009
003 - IDENTIFICADOR DEL NÚMERO DE CONTROL
campo de control ES-MaBCM
005 - FECHA Y HORA DE LA ÚLTIMA TRANSACCIÓN
campo de control 20260407062542.0
008 - CÓDIGOS DE INFORMACIÓN DE LONGITUD FIJA
campo de control de longitud fija 110223s2010 gbr|r0p 0 ||eng d
021 ## -
-- xx
035 ## - NÚMERO DE CONTROL DEL SISTEMA
Número de control de sistema (OCoLC)1365212690
040 ## - FUENTE DE LA CATALOGACIÓN
Centro transcriptor ES-MaBCM
100 1# - PUNTO DE ACCESO PRINCIPAL - NOMBRE DE PERSONA
Nombre de persona Farrelly, Michael
9 (RLIN) 92222
245 00 - MENCIÓN DE TÍTULO
Título Critical discourse analysis in political studies
Resto del título : an illustrative analysis of the "empowerment" agenda
Mención de responsabilidad etc. Michael Farrelly
520 3# - SUMARIO, ETC.
Sumario etc. Contiene bibliografía
650 27 - PUNTO DE ACCESO ADICIONAL DE MATERIA--TÉRMINO DE MATERIA
Término de materia o nombre geográfico como elemento inicial Ciencia política
9 (RLIN) 57903
773 0# - ENLACE AL DOCUMENTO FUENTE
Encabezamiento principal En:
Título Politics
Lugar editor y fecha de publicación Oxford
Número de control del registro relacionado 105389
Parte(s) relacionada(s) Vol.30, n.2 (June 2010), p. 98-104
942 ## - ELEMENTOS DE PUNTO DE ACCESO ADICIONAL (KOHA)
Tipo de ítem Koha Artículos de revistas
Existencias
Estado de retiro Estado de pérdida Estado dañado No para préstamo Localización permanente Ubicación/localización actual Fecha de adquisición Total de préstamos Precio válido a partir de Tipo de ítem Koha
        Biblioteca Central del Ministerio de la Presidencia Biblioteca Central del Ministerio de la Presidencia 21/04/2012   21/04/2012 Artículos de revistas